Faith in unseen / (Record no. 37016)

MARC details
000 -LEADER
fixed length control field 00407nam a22001577a 4500
005 - DATE AND TIME OF LATEST TRANSACTION
control field 20250819115522.0
008 - FIXED-LENGTH DATA ELEMENTS--GENERAL INFORMATION
fixed length control field 250819b |||||||| |||| 00| 0 eng d
082 ## - DEWEY DECIMAL CLASSIFICATION NUMBER
Classification number 880.1
Item number RAS-F
100 ## - MAIN ENTRY--AUTHOR
Author Name Rashid sayal
245 ## - TITLE STATEMENT
Title Faith in unseen /
260 ## - PUBLICATION, DISTRIBUTION, ETC.
Place of Publication Pakistan;
Name of publisher, distributor, etc. ilmi book ;
Date of publication, distribution, etc. 2018.
300 ## - PHYSICAL DESCRIPTION
Pages XIV, 360 P. :
500 ## - GENERAL NOTE
General note include index.
650 ## - SUBJECT ADDED ENTRY--TOPICAL TERM
Subject / Department English Litreature
300 ## - PHYSICAL DESCRIPTION
-- Ill;
-- 24 cm.
952 ## - LOCATION AND ITEM INFORMATION (KOHA)
-- 0
-- 0
Holdings
Lost status Damaged status Collection code Permanent Location Current Location Shelving Location Date acquired Full Call Number Accession No./Barcode Date last seen item type Koha item type
    CS/IT Superior Information Resource Center (SIRC) Superior University- Gold Campus Superior Information Resource Center (SIRC) Superior University- Gold Campus English Litreature 08/19/2025 880.1 RAS-F 2020 30368 04/13/2026 BOOK BOOK

Powered by Koha